书目信息 |
| 题名: |
资料员岗位知识
|
|
| 作者: | 魏僡燕 主编 | |
| 分册: | ||
| 出版信息: | 北京 中国建筑工业出版社 2022.07 |
|
| 页数: | 183页 | |
| 开本: | 26cm | |
| 丛书名: | ||
| 单 册: | ||
| 中图分类: | G275.3 | |
| 科图分类: | ||
| 主题词: | 建筑工程--技术档案--档案管理--继续教育--教材 | |
| 电子资源: | ||
| ISBN: | 978-7-112-26393-6 | |
| 000 | 00948nam0 2200277 450 | |
| 001 | 012001002961 | |
| 005 | 20221208094130.32 | |
| 010 | @a978-7-112-26393-6@dCNY45.00 | |
| 100 | @a20220905d2021 em y0chiy50 ea | |
| 101 | 0 | @achi |
| 102 | @aCN@b110000 | |
| 105 | @aa z 000yy | |
| 106 | @ar | |
| 200 | 1 | @a资料员岗位知识@Azi liao yuan gang wei zhi shi |
| 205 | @a2版 | |
| 210 | @a北京@c中国建筑工业出版社@d2022.07 | |
| 215 | @a183页@c图@d26cm | |
| 300 | @a住房和城乡建设领域施工现场专业人员继续教育培训教材 | |
| 304 | @a中国建设教育协会继续教育委员会组织编写 | |
| 314 | @a主编取自第二版前言 | |
| 330 | @a本书共4章,内容包括:建设工程文件相关的新法规;建设工程文件资料相关的标准;城建档案管理、建设工程文件归档管理;施工文件档案资料管理。 | |
| 606 | 0 | @a建筑工程@x技术档案@x档案管理@x继续教育@j教材 |
| 690 | @aG275.3@v5 | |
| 701 | 0 | @a魏僡燕@Awei hui yan@4主编 |
| 801 | 0 | @aCN@bAHXH@c20221111 |
| 905 | @b1377084-6@dG275.3@e270=2@f3 | |
| 资料员岗位知识.-2版.-北京:中国建筑工业出版社,2022.07 |
| 183页:图;26cm |
| 住房和城乡建设领域施工现场专业人员继续教育培训教材 |
| ISBN 978-7-112-26393-6:CNY45.00 |
| 本书共4章,内容包括:建设工程文件相关的新法规;建设工程文件资料相关的标准;城建档案管理、建设工程文件归档管理;施工文件档案资料管理。 |
| ● |
| 相关链接 |
|
|
|
|
正题名:资料员岗位知识
索取号:G275.3/270=2
 
预约/预借
| 序号 | 登录号 | 条形码 | 馆藏地/架位号 | 状态 | 备注 |
| 1 | 1377084 | 213770846 | 第一样本阅览室/ [索取号:G275.3/270=2] | 在馆 | |
| 2 | 1377085 | 213770855 | 第四借阅区/ [索取号:G275.3/270=2] | 在馆 | |
| 3 | 1377086 | 213770864 | 第四借阅区/ [索取号:G275.3/270=2] | 在馆 |